| 000 | 00498nab a2200157Ia 4500 | ||
|---|---|---|---|
| 003 | ES-SlBCS | ||
| 005 | 20210601134717.0 | ||
| 008 | 140529s2006 xxu||||| |||| 00| 0 spa d | ||
| 041 | _aspa | ||
| 100 | 1 |
_aMaciá, Araceli _9222204 |
|
| 245 | 0 | 0 |
_a¿Psicología en crisis? Reflexiones _c Araceli Maciá, Concepción San Luis |
| 650 | 0 | 4 |
_aPsicología _944875 |
| 700 | 1 |
_aSan Luis, Concepción _9222205 |
|
| 773 | 0 |
_tAnuario de Psicologia _gvol. 37, nº. 1-2, 2006, págs. 69-73 _wRev1509 |
|
| 942 | _cAR | ||
| 999 |
_c616693 _d616693 |
||